Top 25 Best Boxers of the Century - Statistics

General Stats
  • This quiz has been taken 35 times
  • The average score is 8 of 25
Answer Stats
Career Answer % Correct
17 2008-present Tyson Fury
89%
1 1996-2017 Floyd Mayweather Jr
85%
2 1995-2021 Manny Pacquiao
78%
4 2013-present Oleksandr Usyk
70%
5 2005-present Canelo Alvarez
63%
19 1996-2013 Vitali Klitschko
63%
22 1996-2017 Wladimir Klitschko
63%
15 1992-2009 Oscar De La Hoya
44%
11 2006-2022 Gennadiy Golovkin
37%
10 2012-present Naoya Inoue
37%
9 1989-2023 Roy Jones Jr
33%
7 2008-2025 Terence Crawford
33%
12 1993-2009 Joe Calzaghe
22%
8 1993-2014 Juan Manuel Marquez
22%
14 2013-2025 Vasiliy Lomachenko
19%
6 2004-2017 Andre Ward
15%
3 1988-2016 Bernard Hopkins
15%
18 2001-2017 Miguel Cotto
11%
23 2016-present Claressa Shields
7%
13 1993-2012 Erik Morales
4%
20 1989-2011 Marco Antonio Barrera
4%
16 2005-present Roman Gonzalez
4%
21 2016-present Katie Taylor
0%
24 1990-2012 Ronald Wright
0%
25 2004-2016 Timothy Bradley Jr
0%
No matching quizzes found
Score Distribution
Percent of People with Each Score
Percentile by Number Answered
Your Score History
You have not taken this quiz